Differentiable manifolds
Kaydedildi:
| Yazar: | |
|---|---|
| Materyal Türü: | Kitap |
| Dil: | İngilizce |
| Baskı/Yayın Bilgisi: |
Nueva York
Holt, Rinehart and Winston
1969
|
| Konular: | |
| Etiketler: |
Etiketle
Etiket eklenmemiş, İlk siz ekleyin!
|
MARC
| LEADER | 00000nam a2200000 a 4500 | ||
|---|---|---|---|
| 001 | UCP2974 | ||
| 003 | CL-VaPUC | ||
| 008 | 990604e19690000US |||||||||||||||||eng|d | ||
| 082 | 0 | 4 | |a 516.36 |b HUS |2 21 |
| 100 | |a Hu, Sze-Tsen |e author |9 430019 | ||
| 245 | 1 | 0 | |a Differentiable manifolds |
| 300 | |a 177 p | ||
| 942 | |c BK | ||
| 945 | |d 19990604 00:00:00 |a crobeson | ||
| 260 | |a Nueva York |b Holt, Rinehart and Winston |c 1969 | ||
| 650 | 0 | |a Variedades diferenciales |9 270032 | |
| 650 | 7 | |a COHOMOLOGIA |2 CL-VaPUC |9 423575 | |
| 650 | 0 | |a Variedades de Riemann |9 427816 | |
| 583 | |a last modification |c 19990604 00:00:00 |k Rodrigo Vera | ||
| 999 | |c 281427 |d 281425 | ||
| 952 | |0 0 |1 0 |4 0 |6 516_360000000000000_HUS_1969 |7 0 |8 A |9 322162 |a BIBMAT |b BIBMAT |d 2019-11-20 |i 1346725 |o 516.36 HUS 1969 |p 1346725 |r 2025-01-07 |w 2019-11-20 |y BK |k MAT | ||